<?xml version="1.0" encoding="UTF-8"?>
<record
    xmlns:xsi="http://www.w3.org/2001/XMLSchema-instance"
    xsi:schemaLocation="http://www.loc.gov/MARC21/slim http://www.loc.gov/standards/marcxml/schema/MARC21slim.xsd"
    xmlns="http://www.loc.gov/MARC21/slim">

  <leader>00881nam a22002657a 4500</leader>
  <controlfield tag="005">20170123162346.0</controlfield>
  <datafield tag="010" ind1=" " ind2=" ">
    <subfield code="a">A-842727</subfield>
  </datafield>
  <datafield tag="020" ind1=" " ind2=" ">
    <subfield code="c">115.00</subfield>
  </datafield>
  <datafield tag="035" ind1=" " ind2=" ">
    <subfield code="a">A-842727</subfield>
  </datafield>
  <datafield tag="037" ind1=" " ind2=" ">
    <subfield code="b">Cen Lib/Ret</subfield>
  </datafield>
  <datafield tag="040" ind1=" " ind2=" ">
    <subfield code="a">DPL</subfield>
    <subfield code="b">UR</subfield>
  </datafield>
  <datafield tag="082" ind1=" " ind2=" ">
    <subfield code="a">840.4</subfield>
    <subfield code="b">&#x632; &#x6CC; &#x62F; </subfield>
  </datafield>
  <datafield tag="100" ind1=" " ind2=" ">
    <subfield code="a">&#x632;&#x6CC;&#x627;&#x62F;&#x6CC;&#x60C; &#x632;&#x627;&#x6C1;&#x62F;&#x6C1; </subfield>
    <subfield code="9">131741</subfield>
  </datafield>
  <datafield tag="245" ind1=" " ind2=" ">
    <subfield code="a">&#x631;&#x645;&#x648;&#x632; &#x648; &#x641;&#x6A9;&#x631; &#x648; &#x641;&#x646; :</subfield>
    <subfield code="c">&#x632;&#x627;&#x6C1;&#x62F;&#x6C1; &#x632;&#x6CC;&#x62F;&#x6CC; </subfield>
    <subfield code="b">&#x62A;&#x646;&#x642;&#x6CC;&#x62F;&#x6CC; &#x645;&#x636;&#x627;&#x645;&#x6CC;&#x646; /</subfield>
  </datafield>
  <datafield tag="246" ind1=" " ind2=" ">
    <subfield code="a">Rumooz-e-fikr-o-fan </subfield>
    <subfield code="b">by Zahida Zaidi</subfield>
  </datafield>
  <datafield tag="260" ind1=" " ind2=" ">
    <subfield code="a">&#x639;&#x644;&#x6CC;&#x6AF;&#x691;&#x6BE; </subfield>
    <subfield code="b">&#x622;&#x628;&#x634;&#x627;&#x631; &#x67E;&#x628;&#x644;&#x6CC;&#x6A9;&#x6CC;&#x634;&#x646;&#x632; </subfield>
    <subfield code="c">1993</subfield>
  </datafield>
  <datafield tag="270" ind1=" " ind2=" ">
    <subfield code="a">&#x633;&#x631; &#x633;&#x6CC;&#x62F; &#x646;&#x6AF;&#x631; </subfield>
    <subfield code="b">&#x639;&#x644;&#x6CC;&#x6AF;&#x691;&#x6BE; </subfield>
  </datafield>
  <datafield tag="300" ind1=" " ind2=" ">
    <subfield code="a">295p.</subfield>
    <subfield code="c">21cm(Hb)</subfield>
  </datafield>
  <datafield tag="500" ind1=" " ind2=" ">
    <subfield code="a">&#x6A9;&#x62A;&#x627;&#x628;&#x6CC;&#x627;&#x62A; </subfield>
  </datafield>
  <datafield tag="650" ind1=" " ind2=" ">
    <subfield code="a">&#x627;&#x62F;&#x628; -- &#x627;&#x631;&#x62F;&#x648; </subfield>
    <subfield code="9">131742</subfield>
  </datafield>
  <datafield tag="650" ind1=" " ind2=" ">
    <subfield code="a"> &#x627;&#x631;&#x62F;&#x648; &#x62A;&#x646;&#x642;&#x6CC;&#x62F;&#x6CC; &#x645;&#x636;&#x627;&#x645;&#x6CC;&#x646;</subfield>
    <subfield code="9">114356</subfield>
  </datafield>
  <datafield tag="650" ind1=" " ind2=" ">
    <subfield code="a">Urdu literature </subfield>
    <subfield code="9">131743</subfield>
  </datafield>
  <datafield tag="650" ind1=" " ind2=" ">
    <subfield code="a">Urdu critical articles</subfield>
    <subfield code="9">114358</subfield>
  </datafield>
  <datafield tag="942" ind1=" " ind2=" ">
    <subfield code="2">ddc</subfield>
    <subfield code="c">UR</subfield>
    <subfield code="h">840.4</subfield>
    <subfield code="m">&#x632; &#x6CC; &#x62F; </subfield>
  </datafield>
  <datafield tag="999" ind1=" " ind2=" ">
    <subfield code="c">108890</subfield>
    <subfield code="d">108890</subfield>
  </datafield>
  <datafield tag="952" ind1=" " ind2=" ">
    <subfield code="0">0</subfield>
    <subfield code="1">0</subfield>
    <subfield code="4">0</subfield>
    <subfield code="7">0</subfield>
    <subfield code="a">L</subfield>
    <subfield code="b">L</subfield>
    <subfield code="d">2016-02-09</subfield>
    <subfield code="e">Cen Lib/Ret</subfield>
    <subfield code="g">115.00</subfield>
    <subfield code="l">0</subfield>
    <subfield code="o">840.4 &#x632; &#x6CC; &#x62F;</subfield>
    <subfield code="p">A-842727</subfield>
    <subfield code="r">2016-02-09 00:00:00</subfield>
    <subfield code="t">1</subfield>
    <subfield code="v">115.00</subfield>
    <subfield code="w">2016-02-09</subfield>
    <subfield code="y">UR</subfield>
  </datafield>
</record>
